| 000 | 00670nam a22001937a 4500 | ||
|---|---|---|---|
| 003 | UPN | ||
| 005 | 20250813122315.0 | ||
| 008 | 250813s2005 fr|bd||frst||i001 0 spa d | ||
| 040 |
_aMX-MxUPN _bspa _cMX-MxUPN |
||
| 041 | _aspa | ||
| 050 |
_aRA399 O23 _b2005 |
||
| 110 | 2 |
_aOrganización para la Cooperación y el Desarrollo Económicos _940918 |
|
| 245 |
_aEstudios de la OCDE sobre los sistemas de salud : _bMéxico |
||
| 260 |
_aParís : _bOrganización para la Cooperación y el Desarrollo Económicos, OCDE, _c2005 |
||
| 300 | _a187 páginas | ||
| 650 | 0 |
_aMéxico - _bSistemas de salud _957346 |
|
| 902 | _aMaiella Martínez / 13082025 | ||
| 942 |
_2lcc _cLIBRO _n0 |
||
| 999 |
_c213738 _d213738 |
||